| 000 | 00604nam a22002297a 4500 | ||
|---|---|---|---|
| 003 | UA-OsUOA | ||
| 001 | 64562 | ||
| 007 | ta | ||
| 008 | 20091105b un ||||| |||| 00| 0 ukr d | ||
| 100 | _aСікорський М.І. | ||
| 090 |
_a94(477.41)(036) _bС41 |
||
| 942 | _cBK | ||
| 040 |
_aUA-OsUOA _bukr _cUA-OsUOA _dUA-OsUOA |
||
| 245 |
_aКиївщина _bКороткий путівник |
||
| 300 | _a200 с. | ||
| 955 | _a4 | ||
| 041 | _aukr | ||
| 080 | _a94(477.41)(036) | ||
| 260 |
_aК. _c1976 |
||
| 650 | 7 |
_a9 Географія. Біографії. Історія _2UDC |
|
| 999 |
_c350493 _d350493 |
||